|
|
|
|
| LEADER |
00000cam a2200000 7i4500 |
| 001 |
0000000742 |
| 005 |
20020715.0 |
| 090 |
0 |
0 |
|a 354.595006
|b MAL 1994
|
| 110 |
1 |
0 |
|a MALAYSIA
|c Chief Secretary to the Government
|
| 245 |
1 |
4 |
|a The civil service of Malaysia : a paradigm shift :
|b (Improvements and development in the civil service of Malaysia 1993)
|c report by Tan Sri Dato' Seri Ahmad Sarji bin Abdul Hamid
|
| 260 |
0 |
0 |
|a Kuala Lumpur :
|b Percetakan Nasional Malaysia ,
|c 1994
|
| 300 |
|
|
|a xxiv, 991 p. :
|b ill. ;
|c 23 cm.
|
| 650 |
0 |
0 |
|a Administrative agencies
|z Malaysia
|
| 650 |
0 |
0 |
|a Civil service
|z Malaysia
|
| 650 |
0 |
0 |
|a Public administration
|z Malaysia
|
| 700 |
0 |
1 |
|a AHMAD Sarji bin Abdul Hamid
|f Tan Sri Dato' Seri ,
|c 1938-
|
| 998 |
|
|
|a JPSM
|
| 999 |
|
|
|a 0000000015
|b Monograph
|c Reference
|e Default branch
|
| 999 |
|
|
|a 0000000564
|b Monograph
|c Open Shelf
|e Default branch
|
| 999 |
|
|
|a 0000001823
|b Monograph
|c Open Shelf
|e Default branch
|
| 999 |
|
|
|a 0000003363
|b Monograph
|c Open Shelf
|e Default branch
|